The humanizing brain : where religion and neuroscience meet /

Bibliographic Details
Main Author: Ashbrook, James B., 1925-
Other Authors: Albright, Carol Rausch
Format: Book
Language:English
Published: Cleveland, Ohio : Pilgrim Press, 1997.
Subjects:

MARC

Tag First Indicator Second Indicator Subfields
LEADER 00000cam a2200000 a 4500
001 in00001403714
005 20151020053136.0
008 970619s1997 ohua b 001 0 eng
010 |a  97025730  
020 |a 0829812008 (pbk. : alk. paper) 
035 |a (OCoLC)37211245 
035 |9 AHM7168AM 
040 |a DLC  |c DLC  |d TXA  |d UtOrBLW 
049 |a TXAM 
050 0 0 |a BT702  |b .A844 1997 
082 0 0 |a 261.5/5  |2 21 
100 1 |a Ashbrook, James B.,  |d 1925- 
245 1 4 |a The humanizing brain :  |b where religion and neuroscience meet /  |c James B. Ashbrook and Carol Rausch Albright ; foreword by Anne Harrington. 
264 1 |a Cleveland, Ohio :  |b Pilgrim Press,  |c 1997. 
300 |a xxxiv, 233 pages :  |b illustrations ;  |c 23 cm. 
336 |a text  |b txt  |2 rdacontent 
337 |a unmediated  |b n  |2 rdamedia 
338 |a volume  |b nc  |2 rdacarrier 
504 |a Includes bibliographical references (pages 199-221) and indexes. 
650 0 |a Brain  |x Religious aspects  |x Christianity. 
650 0 |a Theological anthropology  |x Christianity. 
650 0 |a Christianity  |x Philosophy. 
650 0 |a Knowledge, Theory of (Religion) 
700 1 |a Albright, Carol Rausch. 
999 |a MARS 
999 f f |s 5ceaa2ef-3602-3de5-a340-90eaf924133c  |i 20436761-8752-3789-bd3e-26c9cef4af0c  |t 0 
952 f f |p normal  |a Texas A&M University  |b College Station  |c Sterling C. Evans Library  |d Evans: Library Stacks  |t 0  |e BT702 .A844 1997  |h Library of Congress classification  |i unmediated -- volume  |m A14821549155 
952 f f |p normal  |a Texas A&M University  |b Galveston Campus  |c Jack K. Williams Library  |d Galveston Stacks  |t 0  |e BT702 .A844 1997  |h Library of Congress classification  |i unmediated -- volume  |m 33620000964656 
998 f f |a BT702 .A844 1997  |t 0  |l Galveston Stacks 
998 f f |a BT702 .A844 1997  |t 0  |l Evans: Library Stacks